| 000 | 01158nam a2200361 i 4500 | ||
|---|---|---|---|
| 001 | bg | ||
| 100 | 1 | _aMackenzie, A. | |
| 245 | 1 | 0 |
_aEkologia / _cA. Mackenzie, A. S. Ball, S. R. Virdee ; przekł. Michał Kozakiewicz, Anna Kozakiewicz, Krzysztof Dmowski. |
| 246 |
_iTyt. oryg.: _aInstant notes in ecology |
||
| 260 |
_aWarszawa : _bWydawnictwo Naukowe PWN, _c2000. |
||
| 300 |
_a396, [2] s. : _bil., mapy ; _c24 cm. |
||
| 490 | 1 | _aKrótkie Wykłady | |
| 500 | _aTyt. oryg.: "Instant notes in ecology" 1998. | ||
| 504 | _aBibliogr. - Indeksy. | ||
| 521 | _aPodręcznik akademicki. | ||
| 650 | 9 | _aEkologia | |
| 650 | 9 | _aOchrona środowiska | |
| 655 | _aPodręczniki akademickie | ||
| 700 | 1 | _aBall, A. S. | |
| 700 | 1 | _aVirdee, S. R. | |
| 830 | _aKrótkie Wykłady | ||
| 020 | _a8301133201 | ||
| 040 | _cBPK | ||
| 041 | 1 |
_apol _heng |
|
| 080 | _a574 | ||
| 080 | _a504 | ||
| 080 | _a(075.8) | ||
| 920 | _a83-01-13320-1 | ||
| 942 | _cKS | ||
| 008 | s pl f |000 0 pol | ||
| 999 |
_c39087 _d39087 |
||
| 856 |
_uhttp://koha.tu.koszalin.pl/cgi-bin/koha/opac-detail.pl?biblionumber=39087 _yKatalog online BPK |
||